000 00752nab a2200241 u 4500
001 21221
003 HDC
007 cr bn ---aaaaa
008 210308c20201110my dr|nes 0 a eng d
040 _aHDC
245 0 _aRacing forward with SME digitalisation
260 _aMalaysia :
_bThe Star,
_c2020
336 _atext
_2rdacontent
337 _acomputer
_2rdamedia
338 _aonline resource
_2rdacarrier
650 _aBanks and banking
_92598
650 _aSmall business
_9208
710 _aThe Star
856 _zRequest full-text at [email protected]
942 _2lcc
942 _cNEWS
942 _kNWSC 004406
999 _c18537
_d18537